Les youtubeurs catch fr par nombres d'abonnés - Statistiques

Statistiques générales
  • Ce quiz a été pris 9 fois
  • Le résultat moyen est 5 sur 13
Statistiques - réponses
Nombre d'abonnés Youtubeur.se % Correct
388k Weedze
86%
139k MrOkkin
71%
127,9k Sturry
71%
149k Catch Club
57%
1,73k Cassette
29%
22,9k Johnny Catch
29%
3,18k NikoTB
29%
8,45k PierreLuck
29%
109k WWE Fan France
29%
3,2k Catch By Haby
14%
2,49k Chez Cody
14%
4,08k KickOut
14%
19,6k Mr Bois de l'eau
14%
Aucun quiz correspondant
Distribution des résultats
% des personnes avec chaque résultat
Percentile par nombre de réponses
Votre historique - résultats
Vous n’avez pas pris ce quiz